000 01288nam a2200325 i 4500
003 EG-GICUC
005 20260421142751.0
008 260421r1989 it ||||fr|||| 000 0 ita d
040 _aEG-GiCUC
_beng
_cEG-GiCUC
_dEG-GiCUC
_erda
041 _aita
082 0 4 _221
_a341.3
_bMO . I
092 0 4 _221
099 _aLaw1 11 341.3 MO . I 1989
100 1 _aMoscato,Salvatore
_eeditor.
245 1 0 _aIstituto Di Diritto Del Lavoro E Della Navigazione Dell’Università Di Palermo E I Convegni Internazionali Mare E Territorio /
_cSalvatore Moscatо.
246 1 _aL’Institut De Droit Du Travail Et De La Navigation De L’Université De Palerme Et Les Congrès Internationaux “Mer Et Territoire”
246 1 _aThe Labour Maritime And Air Law Institute And The International Sea And Territory Meetings
264 0 1 _aItaliana:
_bLega Navale Italiana,
_c1989.
300 _a24 Pages;
_c24 cm.
336 _2rda content
_atext
337 _2rda media
_aComputer
338 _2rda carrier
_aOnline Resource
546 _a Text in Italian
650 1 _aDiritto Internazionale Pubblico
650 1 _aRelazioni Internazionali
700 1 _aCamarda,Guido
_epresenter
856 4 0 _uhttps://fll.law.cu.edu.eg/fulltext/bks/B11-09731.pdf
905 _a59
942 _2ddc
_cBK
_e21
_n0
999 _c72534
_d72534